Application of high-power ion beams to thin films deposition and stimulating mass transfer of previously implanted dopants in materials; Proceedings of the 15th International Conference on High-Power Particle Beams(BEAMS 2004), Saint-Petersburg, July 18-23, 2004

Dettagli Bibliografici
Parent link:Proceedings of the 15th International Conference on High-Power Particle Beams(BEAMS 2004), Saint-Petersburg, July 18-23, 2004.— 2005.— P. 622-625
Altri autori: Ryabchikov A. I. Aleksandr Ilyich, Matvienko V. M., Petrov A. V., Struts V. K., Usov Y. P. Yuri Petrovich, Shlapakovski A. S.
Riassunto:The results of investigations concerning some applications of high-power ion beams (HPIBs) to materials surface modification are presented. For BPIB-based film deposition, the characteristics of obtained coatings were studied depending on deposition conditions. It has been shown that mechanical and adhesion properties of the films are improved with decreasing deposition rate. For the combined surface treatment comprising traditional ion implantation and BPIB irradiation, the mass transfer of implanted dopant was investigated at multiple implantation-irradiation cycles. It has been demonstrated that one can control the depth of occurrence and storage of the implanted dopant.
В фонде НТБ ТПУ отсутствует
Lingua:inglese
Pubblicazione: 2005
Soggetti:
Natura: MixedMaterials Capitolo di libro
KOHA link:https://koha.lib.tpu.ru/cgi-bin/koha/opac-detail.pl?biblionumber=599658

MARC

LEADER 00000naa0a2200000 4500
001 599658
005 20250121144459.0
035 |a (RuTPU)RU\TPU\tpu\23784 
035 |a RU\TPU\tpu\19786 
090 |a 599658 
100 |a 20131016d2005 k||y0rusy50 ba 
101 0 |a eng 
102 |a RU 
200 1 |a Application of high-power ion beams to thin films deposition and stimulating mass transfer of previously implanted dopants in materials  |f A. I. Ryabchikov [et al.] 
320 |a References: 2 tit. 
330 |a The results of investigations concerning some applications of high-power ion beams (HPIBs) to materials surface modification are presented. For BPIB-based film deposition, the characteristics of obtained coatings were studied depending on deposition conditions. It has been shown that mechanical and adhesion properties of the films are improved with decreasing deposition rate. For the combined surface treatment comprising traditional ion implantation and BPIB irradiation, the mass transfer of implanted dopant was investigated at multiple implantation-irradiation cycles. It has been demonstrated that one can control the depth of occurrence and storage of the implanted dopant. 
333 |a В фонде НТБ ТПУ отсутствует 
463 |t Proceedings of the 15th International Conference on High-Power Particle Beams(BEAMS 2004), Saint-Petersburg, July 18-23, 2004  |v P. 622-625  |d 2005 
610 1 |a труды учёных ТПУ 
701 1 |a Ryabchikov  |b A. I.  |c Professor of Tomsk Polytechnic University, Doctor of physical and mathematical sciences  |c physicist  |f 1950-  |g Aleksandr Ilyich  |3 (RuTPU)RU\TPU\pers\30912 
701 1 |a Matvienko  |b V. M. 
701 1 |a Petrov  |b A. V. 
701 1 |a Struts  |b V. K. 
701 1 |a Usov  |b Y. P.  |c Professor of Tomsk Polytechnic University, Electrical engineer, Doctor of Technical Sciences  |f 1937-  |g Yuri Petrovich  |3 (RuTPU)RU\TPU\pers\28977 
701 1 |a Shlapakovski  |b A. S. 
801 1 |a RU  |b 63413507  |c 20110823 
801 2 |a RU  |b 63413507  |c 20131017  |g RCR 
942 |c BK